000 00317nam a22001337a 4500
008 170508b xxu||||| |||| 00| 0 eng d
020 _a9780805851281
041 _aeng
080 _a347
100 _a15
101 _aSHJ
245 _aHANDBOOK OF DIVORCE AND RELATIONSHIP DISSOLUTION
_cFINE, M.A
942 _2udc
_cBK
999 _c13001
_d13001